00275nam a2200109Ia 4500008004100000041000800041082001800049100001900067245001800086260005300104300000800157231228s1996 xx 000 0 und d aeng a362.2092bNAR aNARAYAN (R.K.) aTalkative Man aMumbaibSpenta Multimedia Pvt. Ltd. Mumbaic1996 a123